| 000 | 01482nam a2200361 i 4500 | ||
|---|---|---|---|
| 001 | 000004126 | ||
| 003 | DO-SdBNP | ||
| 005 | 20250621074004.0 | ||
| 007 | ta | ||
| 008 | 090717s19882009dr c 001 0 spa d | ||
| 020 | _a9789993427100 | ||
| 040 |
_aDO-SdBNP _bspa _cBNPHU _erda |
||
| 082 | 4 |
_a972.93053 _bV422t _222 |
|
| 100 | 1 |
_aVega, Bernardo, _d1938 - _93222 |
|
| 245 | 1 | 0 |
_aTrujillo y Haití / _cBernardo Vega. |
| 264 | 1 |
_aSanto Domingo : _bFundación Cultural Dominicana, _c[1988-2009]. |
|
| 300 |
_a4 volumen : _bretratos ; _c27 cm. |
||
| 336 |
_2rdacontent _atexto _btxt |
||
| 337 |
_2rdamedia _asin mediación _bn |
||
| 338 |
_2rdacarrier _avolumen _bnc |
||
| 500 | _aIncluye referencias bibliográficas y notas al pie de las páginas e índice | ||
| 505 | 0 |
_av.1-- _t(1930-1937) -- _gv. 2-- _t(1937-1938) -- _gv. 3 -- _tLa agresión contra Lescot (1939-1946) -- _gv. 4-- 1946-1957 _tEl complot contra Estimé (1946-1957). |
|
| 590 | _aInventariado, 2024/BT | ||
| 600 | 1 | 4 |
_aLescot, Elie, _d1883-1974. _912239 |
| 600 | 1 | 4 |
_aDumarsais, Estimé, _d1900-1953 _912240 |
| 600 | 1 | 4 |
_aTrujillo Molina, Rafael Leónidas, _d 1891-1961 _976764 |
| 651 | 4 |
_aRepública Dominicana _xRelaciones _zHaití _95153 |
|
| 651 | 4 |
_aHaití _xRelaciones _zRepública Dominicana _92614 |
|
| 651 | 4 |
_aRepública Dominicana _xHistoria _xConflictos con Haití, 1937 _912241 |
|
| 651 | 0 |
_aRepública Dominicana _xPolítica y gobierno _945 |
|
| 910 | _aValidado. Control de calidad MMOLINA | ||
| 942 |
_2ddc _cLBS1 |
||
| 999 |
_c3942 _d3942 |
||